Can food availability influence economic growth - the case of African countries

Dáta pre hypotézu o dopade na rast HDP zo 124 krajín sveta. Implikácia rozšíreného Barrovho modelu rastu o dostupnosť potravín a rozlíšenie afrických krajín s nedostatkom potravín. Výsledky preukazujú jednoznačný pozitívny rast ekonomiky pri zabezpečenej potravinovej bezpečnosti.

Salvato in:
Dettagli Bibliografici
Autore principale: Agboola, Mary Oluwatoyin
Altri autori: Bacilar, Mehmet
Natura: Capitolo di libro
Lingua:inglese
Soggetti:
Tags: Aggiungi Tag
Nessun Tag, puoi essere il primo ad aggiungerne!!

MARC

LEADER 00000naa a2200000 4500
001 0191115
005 20231211071355.6
041 0 |a eng 
044 |a CZ 
245 1 0 |a Can food availability influence economic growth - the case of African countries  |c Mary Oluwatoyin Agboola, Mehmet Bacilar 
520 |a Dáta pre hypotézu o dopade na rast HDP zo 124 krajín sveta. Implikácia rozšíreného Barrovho modelu rastu o dostupnosť potravín a rozlíšenie afrických krajín s nedostatkom potravín. Výsledky preukazujú jednoznačný pozitívny rast ekonomiky pri zabezpečenej potravinovej bezpečnosti. 
610 2 0 |a bezpečnosť potravinová 
610 2 0 |a potreby 
610 2 0 |a rast hospodársky 
610 2 0 |a Afrika 
610 2 0 |a modely ekonometrické 
610 2 0 |a produkt národný hrubý 
100 1 |a Agboola, Mary Oluwatoyin 
700 1 |a Bacilar, Mehmet